=LDR 00000nam 2200000 4500 =001 INLIS000000000020386 =005 20210406101349 =035 ##$$a 0010-061300000020386 =008 210406###########################0#ind## =041 ##$$a Ind =082 ##$$a 336.2 =090 ##$$a 336.2, Sia u =100 ##$$a Siahaan, Marihot =245 1#$$a Utang pajak, pemenuhan kewajiban dan penagihan pajak dengan surat paksa, /$c oleh Marihot P. Siahaan, SE =260 ##$$a Jakarta :$b Rajawali Pres,$c 2004 =300 ##$$a xx, 648 hlm, ; $c 21 cm =650 #4$$a Pajak dan perpajakan =850 ##$$a NBPNMAT =020 ##$$a 979-3654-29-4 =084 ##$$a 336.2 SIA u =990 ##$$a 0001/BPAP-NTB/20142014 =990 ##$$a 0001/BPAP-NTB/20142014 =990 ##$$a 30701224 =990 ##$$a 30701225 =990 ##$$a 20612093